| 000 | 004430000a22001690004500 | ||
|---|---|---|---|
| 003 | MACL | ||
| 005 | 20160107120741.0 | ||
| 008 | 160107b xxu||||| |||| 00| 0 eng d | ||
| 040 |
_aMACL _cMACL |
||
| 041 | _aEnglish | ||
| 082 | _a821/RAN | ||
| 100 |
_aRaverty, Major H G _929147 |
||
| 245 | _aSelections from The Poetry of The Afghans | ||
| 260 |
_bWilliams and Norgate _c1867 _aLondon |
||
| 650 |
_aPoetry _929148 |
||
| 942 |
_cBK _k821/RAV _2ddc |
||
| 999 |
_c39206 _d39206 |
||